France: economic and commercial update (Record no. 117025)
[ view plain ]
| 000 -LEADER | |
|---|---|
| fixed length control field | 01462cam a2200253 4500 |
| 001 - CONTROL NUMBER | |
| control field | WB4007-03 |
| 008 - FIXED-LENGTH DATA ELEMENTS--GENERAL INFORMATION | |
| fixed length control field | 040217n2004 000 0 eng u |
| 035 ## - SYSTEM CONTROL NUMBER | |
| System control number | (Sirsi) u125164 |
| 245 ## - TITLE STATEMENT | |
| Title | France: economic and commercial update |
| 260 ## - PUBLICATION, DISTRIBUTION, ETC. | |
| Date of publication, distribution, etc. | 2004 |
| 490 ## - SERIES STATEMENT | |
| Series statement | RICS European Alert |
| Volume/sequential designation | February 2004, 6(1) |
| 520 ## - SUMMARY, ETC. | |
| Summary, etc. | Overview of economic and commercial situation in France. There has been some improvement in the economy in the second half of 2003. The prospects for the commercial property market are reliant on employment and business investment performance. Rental values in the main office markets have fallen due to above average levels of new office construction. The retail rental values have remained largely static with new retail construction picking up in the third quarter of 2003. Meanwhile the industrial property market has shown sustained activity but construction has continued to decline. Economic prospects remain dependent on the current world and US recovery. View European Alert at http://www.rics.org/ricscms/bin/show?class=Brief&t emplate=/includes/showbrief.html&id=571. |
| 590 ## - LOCAL NOTE (RLIN) | |
| Local note | WB |
| 590 ## - LOCAL NOTE (RLIN) | |
| Local note | WB |
| 650 ## - SUBJECT ADDED ENTRY--TOPICAL TERM | |
| Topical term or geographic name entry element | FRANCE |
| 650 ## - SUBJECT ADDED ENTRY--TOPICAL TERM | |
| Topical term or geographic name entry element | ECONOMIC ISSUES |
| 650 ## - SUBJECT ADDED ENTRY--TOPICAL TERM | |
| Topical term or geographic name entry element | RENTAL VALUES |
| 650 ## - SUBJECT ADDED ENTRY--TOPICAL TERM | |
| Topical term or geographic name entry element | OFFICE MARKET |
| 650 ## - SUBJECT ADDED ENTRY--TOPICAL TERM | |
| Topical term or geographic name entry element | PROPERTY-COMMERCIAL PROPERTY-RETAIL PROPERTY-RETAIL PROPERTY MARKET |
| 650 ## - SUBJECT ADDED ENTRY--TOPICAL TERM | |
| Topical term or geographic name entry element | INDUSTRIAL MARKET |
| 650 ## - SUBJECT ADDED ENTRY--TOPICAL TERM | |
| Topical term or geographic name entry element | CONSTRUCTION INDUSTRY |
| 690 ## - LOCAL SUBJECT ADDED ENTRY--TOPICAL TERM (OCLC, RLIN) | |
| Topical term or geographic name as entry element | COMMERCIAL PROPERTY-MARKET |
| 942 ## - ADDED ENTRY ELEMENTS (KOHA) | |
| Suppress in OPAC | 0 |
| Withdrawn status | Lost status | Source of classification or shelving scheme | Damaged status | Not for loan | Home library | Current library | Shelving location | Date acquired | Total Checkouts | Full call number | Barcode | Date last seen | Copy number | Price effective from | Koha item type |
|---|---|---|---|---|---|---|---|---|---|---|---|---|---|---|---|
| Dewey Decimal Classification | London | London | News article | 17/02/2004 | WB4007-03 | 125164-1001 | 06/08/2019 | 1 | 06/08/2019 | News article |